Applied biopharmaceutics & pharmacokinetics / (Record no. 294929)
[ view plain ]
| 000 -LEADER | |
|---|---|
| fixed length control field | 02502cam a22003858i 4500 |
| 001 - CONTROL NUMBER | |
| control field | 18577358 |
| 003 - CONTROL NUMBER IDENTIFIER | |
| control field | PILC |
| 005 - DATE AND TIME OF LATEST TRANSACTION | |
| control field | 20160524092044.0 |
| 008 - FIXED-LENGTH DATA ELEMENTS--GENERAL INFORMATION | |
| fixed length control field | 150415s2016 nyu b 001 0 eng |
| 010 ## - LIBRARY OF CONGRESS CONTROL NUMBER | |
| LC control number | 2015014810 |
| 020 ## - INTERNATIONAL STANDARD BOOK NUMBER | |
| International Standard Book Number | 9780071830935 (hardcover : alk. paper) |
| 020 ## - INTERNATIONAL STANDARD BOOK NUMBER | |
| International Standard Book Number | 0071830936 (hardcover : alk. paper) |
| 035 ## - SYSTEM CONTROL NUMBER | |
| System control number | (DNLM)101656208 |
| 040 ## - CATALOGING SOURCE | |
| Original cataloging agency | DNLM/DLC |
| Language of cataloging | eng |
| Description conventions | rda |
| Transcribing agency | DLC |
| 042 ## - AUTHENTICATION CODE | |
| Authentication code | pcc |
| 050 00 - LIBRARY OF CONGRESS CALL NUMBER | |
| Classification number | RM 301.4 |
| Item number | .Sh531 2016 |
| 060 10 - NATIONAL LIBRARY OF MEDICINE CALL NUMBER | |
| Classification number | QV 38 |
| 082 00 - DEWEY DECIMAL CLASSIFICATION NUMBER | |
| Classification number | 615.7 |
| 100 1# - MAIN ENTRY--PERSONAL NAME | |
| Personal name | Shargel, Leon, |
| Dates associated with a name | 1941- , |
| Relator term | author. |
| 245 10 - TITLE STATEMENT | |
| Title | Applied biopharmaceutics & pharmacokinetics / |
| Statement of responsibility, etc | Leon Shargel, Andrew B.C. Yu. |
| 246 1# - VARYING FORM OF TITLE | |
| Title proper/short title | Applied biopharmaceutics and pharmacokinetics |
| 250 ## - EDITION STATEMENT | |
| Edition statement | 7th edition. |
| 260 ## - PUBLICATION, DISTRIBUTION, ETC. (IMPRINT) | |
| Place of publication, distribution, etc | New York : |
| Name of publisher, distributor, etc | McGraw Hill, |
| Date of publication, distribution, etc | 2016. |
| 263 ## - PROJECTED PUBLICATION DATE | |
| Projected publication date | 1511 |
| 300 ## - PHYSICAL DESCRIPTION | |
| Extent | xvii, 910 pages : |
| Dimensions | illustrations ; |
| Other physical details | 24 cm. |
| 500 ## - GENERAL NOTE | |
| General note | Includes bibliographical references and index. |
| 505 0# - FORMATTED CONTENTS NOTE | |
| Formatted contents note | Introduction to biopharmaceutics and pharmacokinetics -- Mathematic fundamentals in pharmacokinetics -- Biostatistics -- One compartment open model : IV bolus injection -- Multicompartmental models : IV bolus injection -- Intravenous infusion -- Drug elimination and clearance -- Pharmacokinetics of oral absorption -- Multiple dosage regimens -- Nonlinear pharmacokinetics -- Physiologic drug distribution and protein binding -- Renal and hepatic elimination of drugs -- Pharmacogenetics and drug metabolism -- Physiologic factors related to drug absorption -- Biopharmaceutic considerations in drug product design -- Drug product performance, in vivo : bioavailability and bioequivalence -- Biopharmaceutic aspects of the active pharmaceutical ingredient and pharmaceutical equivalence -- Impact of biopharmaceutics on drug product quality and clinical efficacy -- Modified release drug products and drug devices -- Targeted drug delivery systems and biotechnology products -- Relationship between pharmacokinetic and pharmacodynamics -- Application of pharmacokinetics in clinical situations -- Application of pharmacokinetics in specific populations -- Dosage adjustment in renal and hepatic disease -- Empirical models, mechanistic models, statistical moment and noncompartmental analysis. |
| 650 12 - SUBJECT ADDED ENTRY--TOPICAL TERM | |
| Topical term or geographic name as entry element | Biopharmaceutics. |
| 650 12 - SUBJECT ADDED ENTRY--TOPICAL TERM | |
| Topical term or geographic name as entry element | Pharmacokinetics. |
| 650 22 - SUBJECT ADDED ENTRY--TOPICAL TERM | |
| Topical term or geographic name as entry element | Drug Administration Routes. |
| 650 22 - SUBJECT ADDED ENTRY--TOPICAL TERM | |
| Topical term or geographic name as entry element | Models, Chemical. |
| 700 1# - ADDED ENTRY--PERSONAL NAME | |
| Personal name | Yu, Andrew B. C., |
| Dates associated with a name | 1945- , |
| Relator term | author. |
| 906 ## - LOCAL DATA ELEMENT F, LDF (RLIN) | |
| a | 7 |
| b | cbc |
| c | orignew |
| d | 1 |
| e | ecip |
| f | 20 |
| g | y-gencatlg |
| 942 ## - ADDED ENTRY ELEMENTS (KOHA) | |
| Source of classification or shelving scheme | Library of Congress Classification |
| Koha item type | Books |
| Withdrawn status | Lost status | Source of classification or shelving scheme | Damaged status | Home library | Current library | Shelving location | Date acquired | Source of acquisition | Sub Shelving location | Total Checkouts | Total Renewals | Full call number | Barcode | Date last seen | Date checked out | Price effective from | Koha item type |
|---|---|---|---|---|---|---|---|---|---|---|---|---|---|---|---|---|---|
| Library of Congress Classification | South SEED-LPDH College Library | South SEED-LPDH College Library | South SEED-LPDH College Section | 05/24/2016 | Library Fund | 2 | 52 | RM 301.4 .Sh531 2016 | SSLC1440 | 08/13/2019 | 07/11/2019 | 05/24/2016 | Books |